000
00295nam a22001337a 4500
008
181226b xxu||||| |||| 00| 0 eng d
020
_a
9780070530188
041
_a
eng
080
_a
316
100
_a
50
101
_a
SOC
245
_a
Modern Sociological Theory
_c
Ritzer, G
942
_2
udc
_c
BK
999
_c
53801
_d
53801